000 00657nam a2200193 i 4500
001 127088
003 ES-MaACL
005 20230906192936.0
007 t|
008 070214s1917 sp r ||||1| spa d
100 1 _aReyes, Alfonso,
_d1889-1959
_996554
245 1 0 _aSobre Mateo Rosas de Oquendo
_b: poeta del siglo XVI /
_cAlfonso Reyes.
260 _a[s.l.] :
_b[s.n.],
_c1917.
300 _aP. [341]-370 ;
_c26 cm.
500 _aTirada aparte de la `Revista de Filología Española`, año 1917, tomo IV, octubre-diciembre 1917, cuaderno 4º.
600 1 4 _aRosas de Oquendo, Mateo.
_9159295
852 _aES-MaACL
_j1540-F-16
999 _c127088
_d127088